000 00739pam a2200217 a 4500
999 _c58342
_d58342
001 707590
005 20240207173705.0
008 970225s1997 nyua 001 0 eng
020 _a0070080208x
041 _aeng
080 _a519.688 B-87
100 1 _aBronson, Richard.
_912931
245 1 0 _aSchaum's outline of theory and problems of operations research /
_cRichard Bronson, Govindasami Naadimuthu.
250 _a2nd ed.
264 _aNew York :
_bMcGraw-Hill,
_c1997.
300 _a456 p. :
_bill. ;
_c28 cm.
653 _aმათემატიკა
653 _aცომპიუტერული მეცნიერებანი
700 _aNaadimuthu, Govindasami
_eავტორი
_912934
942 _2udc
_cBK